00502nam a2200157Ia 450000500170000000800410001708200130005810000140007124500630008526000280014830000130017665000490018994200060023895200850024499900150032920250317044745.0240331s9999 xx 000 0 und d a894bNAV aKamal,P.N 0aNaweena kotpaattu aaivukal :btamil illakiyathai munvaithu aBangalorebKaavyac1999 a154 p ., aTamil Ilakkiyathai munvaithu Eluthiya Aaivu cL 001040708LaWERCLbWERCLcSSCd2024-03-31l0p4409r2024-03-31w2024-03-31yL c4673d4673